00269nam a2200097Ia 4500008004100000100002200041245005400063250001200117260001500129650002700144190216s9999||||xx |||||||||||||| ||und|| aThomas J. Enright 0aRepresentations Of Complex Semi-Simple Lie Groups a1st Ed. bNullc1981 aMathematical Geography